RISE AND FALL OF THE U S MORTGAGE AND CR (Record no. 15460)
[ view plain ]
| 000 -LEADER | |
|---|---|
| fixed length control field | 00342nam a2200133Ia 4500 |
| 008 - FIXED-LENGTH DATA ELEMENTS--GENERAL INFORMATION | |
| fixed length control field | 240624s9999 xx 000 0 und d |
| 041 ## - LANGUAGE CODE | |
| Language code of text/sound track or separate title | eng |
| 082 ## - DEWEY DECIMAL CLASSIFICATION NUMBER | |
| Classification number | 332.6323 BAR |
| 100 ## - MAIN ENTRY--PERSONAL NAME | |
| Personal name | BARTH JAMES R |
| 245 ## - TITLE STATEMENT | |
| Title | RISE AND FALL OF THE U S MORTGAGE AND CR |
| 260 ## - PUBLICATION, DISTRIBUTION, ETC. | |
| Date of publication, distribution, etc. | 2009 |
| Place of publication, distribution, etc. | New Jersey |
| Name of publisher, distributor, etc. | John Wiley & Sons |
| 300 ## - PHYSICAL DESCRIPTION | |
| Extent | 526 : p. |
| 365 ## - TRADE PRICE | |
| Currency code | |
| Price amount | 27 |
| Withdrawn status | Lost status | Damaged status | Not for loan | Home library | Current library | Shelving location | Date acquired | Source of acquisition | Cost, normal purchase price | Full call number | Barcode | Date last seen | Copy number | Price effective from | Koha item type |
|---|---|---|---|---|---|---|---|---|---|---|---|---|---|---|---|
| IMTN | IMTN | Rack 11-A | 08/26/2010 | BWE | 59.95 | 332.6323 BAR | 15460 | 06/24/2024 | 49.4 | 06/24/2024 | Books |